00488ntaaa2200157 45000030003000000050017000030080021000200400037000410820017000781000012000952450015001072500010001222600046001323000022001785000130002000120251027202340.00714s1973 ag 01  aAR-BaBNbspacAR-BaBNeaacrdRIC a297.0000 M27 aMahoma  aEl Corán a1 ed. aBuenos Aires : bEditorial Arabe, cc1945 aTomo 1 de 3 tomos aTraducción directa del libro sagrado arabe musulmán, con un exordio que estudia y comenta el Corán, el Islam y a Mahoma